MARC

Tag First Indicator Second Indicator Subfields
LEADER 00000cam a2200000Ii 4500
001 in00004047413
005 20190416173934.0
006 m o d
007 cr cnu|||unuuu
008 180419s2018 lau ob 001 0 eng d
020 |a 9780807169193  |q (electronic bk.) 
020 |a 0807169196  |q (electronic bk.) 
024 8 |a 40028162930 
035 |a (NhCcYBP)EBSCO1791520 
040 |a NhCcYBP  |c NhCcYBP  |d UtOrBLW 
043 |a n-us-la 
050 4 |a LC212.523.N49  |b S74 2018 
072 7 |a EDU  |x 001000  |2 bisacsh 
072 7 |a EDU  |x 034000  |2 bisacsh 
082 0 4 |a 379.2/630976335  |2 23 
100 1 |a Stern, Walter C.,  |d 1979-  |e author.  |0 http://id.loc.gov/authorities/names/no2017120306 
245 1 0 |a Race and education in New Orleans :  |b creating the segregated city, 1764-1960 /  |c Walter C. Stern. 
264 1 |a Baton Rouge :  |b Louisiana State University Press,  |c [2018] 
264 4 |c ©2018 
300 |a 1 online resource. 
336 |a text  |b txt  |2 rdacontent 
337 |a computer  |b c  |2 rdamedia 
338 |a online resource  |b cr  |2 rdacarrier 
490 1 |a Making the modern South 
588 0 |a Description based on online resource; title from PDF title page (EBSCO, viewed April 27, 2018). 
504 |a Includes bibliographical references and index. 
500 |a Electronic resource. 
650 0 |a Segregation in education  |z Louisiana  |z New Orleans  |x History. 
650 0 |a Education  |z Louisiana  |z New Orleans  |x History. 
651 0 |a New Orleans (La.)  |x Race relations  |x History. 
651 0 |a New Orleans (La.)  |x Social conditions  |y 18th century. 
651 0 |a New Orleans (La.)  |x Social conditions  |y 19th century. 
651 0 |a New Orleans (La.)  |x Social conditions  |y 20th century. 
648 7 |a 1700-1999  |2 fast 
655 7 |a Electronic books.  |2 local 
710 2 |a EBSCOhost. 
830 0 |a Making the modern South.  |0 http://id.loc.gov/authorities/names/n2005043437 
856 4 0 |u http://proxy.library.tamu.edu/login?url=http://search.ebscohost.com/login.aspx?direct=true&scope=site&db=nlebk&db=nlabk&AN=1791520  |z Connect to the full text of this electronic book  |t 0 
945 |a machinegen 
955 |a YBP purchased approval e-records 
980 |b 49.95  |g 1 
987 |a ybp15277567 
999 f f |s d8979046-86cc-3f70-b425-d98663c81271  |i 1710ab4a-b8ae-3746-bd1f-4108a5e9f5c1  |t 0 
952 f f |a Texas A&M University  |b College Station  |c Electronic Resources  |d Available Online  |t 0  |e LC212.523.N49 S74 2018  |h Library of Congress classification 
998 f f |a LC212.523.N49 S74 2018  |t 0  |l Available Online